00713nam a2200181 a 4500008004100000020001800041050002000059110005800079245016200137260003300299300003300332336002100365336002800386337002500414338002300439650003600462650003300498220623s2022 ||||||||||||||||| || u a9789211172843 aUNECE(02)2022/1 aUnited Nations Economic Commission for Europe (UNECE)10aHalfway to 2030 : how many targets will be achieved in the UNECE region. Snapshot and insights 2022.cBy United Nations Economic Commission for Europe(UNECE) aGenevabUNITED NATIONSc2022 av, 71 pages : illustrations  atext2rdacontent astill image2rdacontent aunmediated2rdamedia avolume2rdacarrier 0aSUSTAINABLE DEVELOPMENT--EUROPE 0aECONOMIC DEVELOPMENT--EUROPE